000 00605nam a2200169Ia 4500
001 14568
003 GE_BSU
008 181216s||||||||xx |||||||||||||| ||und||
040 _cGE_BSU
245 _aლიტერატურული პალიტრა. №3.(126) მარტი.2015.
245 _cპროექტ.ავტ.თამარ მამაცაშვილი.მთ. რედ. ზ. ჩხეიძე
260 _aთბილისი
260 _c2015
300 _a174გვ.28სმ.
653 _aლიტერატურული პალიტრა.
942 _cCR
999 _c47697
_d47697